000 00471nam a2200145Ia 4500
008 100122s9999 xx 000 0 und d
082 _b16756
_a215
100 _aदेशपांडे माधव का.
245 _aसंत आणि सायन्स
260 _bअस्मिता प्रकाशन
_c1970
300 _a376
630 _aसंत आणि सायन्स
730 _aसंत आणि सायन्स
942 _cBOOK
999 _c406632
_d406629